000 00680nam a2200241 i 4500
001 bg
100 1 _aJÓŹWIAK, Janina.
245 1 0 _aStatystyka od podstaw /
_cJanina Jóźwiak, Jarosław Podgórski.
250 _aWyd. 5 zm.
260 _aWarszawa :
_bPolskie Wydaw. Ekonomiczne,
_c1997.
300 _a549, [3] s. :
_bwykr. ;
_c24 cm.
504 _aBibliogr. s. 537-538. - Indeks.
650 9 _aStatystyka
655 _aPodręczniki akademickie
700 1 _aPODGÓRSKI, Jarosław.
020 _a8320810469
040 _cBPK
041 0 _apl
080 _a311:519.2](075.8)
920 _a83-208-1046-9
942 _cKS
008 s pl f |000 0 pol
999 _c31757
_d31757
856 _uhttp://koha.tu.koszalin.pl/cgi-bin/koha/opac-detail.pl?biblionumber=31757
_yKatalog online BPK